【E4】東北道と交差する鉄道路線 - Statistics

General Stats
  • This quiz has been taken 230 times
  • The average score is 15 of 18
Answer Stats
路線 交差区間 % Correct
JR東北本線(宇都宮線) 白岡〜新白岡貝田〜越河〜白石
100%
東北新幹線 大宮〜小山新白河〜郡山 福島〜白石蔵王
93%
東武日光線 楡木〜東部金崎
91%
JR日光線 鹿沼〜鶴田
91%
東武伊勢崎線 花崎〜鷲宮
87%
山形新幹線 米沢〜福島
86%
JR武蔵野線 東川口〜東浦和
86%
JR磐越西線 喜久田〜郡山富田
86%
JR奥羽本線(山形線) 庭坂〜笹木野
86%
JR仙山線 陸前落合〜葛岡
85%
JR両毛線 佐野〜岩舟
82%
秋田新幹線 雫石〜盛岡
78%
JR陸羽東線 西古川〜塚目
78%
東武野田線 七里〜岩槻
76%
JR田沢湖線 大釜〜前潟
75%
JR北上線 江釣子〜柳原
69%
JR花輪線 赤坂田〜安比高原末広〜十和田南  など
69%
福島交通飯坂線 平野〜桜水
61%
No matching quizzes found
Score Distribution
Percent of People with Each Score
Percentile by Number Answered
Your Score History
You have not taken this quiz